| 000 | 00435nam a2200181Ia 4500 | ||
|---|---|---|---|
| 005 | 20250423100524.0 | ||
| 008 | 250422s9999 xx 000 0 und d | ||
| 020 | _a0130270644 | ||
| 050 | _aQC23.2 .W35/ | ||
| 100 | _aWalker, James S. | ||
| 245 | 0 | _aPhysics : student study guide with selected solutions | |
| 260 | _aNew Jersey | ||
| 260 | _bPrentice | ||
| 260 | _c2002 | ||
| 300 | _a548 p | ||
| 650 | _aPhysics | ||
| 942 | _cBK | ||
| 999 |
_c33560 _d33560 |
||